| 000 | 01039nam a22001817a 4500 | ||
|---|---|---|---|
| 005 | 20241004155722.0 | ||
| 008 | 241004b ||||| |||| 00| 0 eng d | ||
| 040 | _cSSBUL | ||
| 041 | _aMyanmar | ||
| 082 |
_223 _a၂၉၄.၃၀၉၂ ဖေ _b၁၃၁၅၄ S-SAT |
||
| 100 | 0 |
_aဖေမြင့်၊ ဦး _930543 |
|
| 245 | 1 |
_aဝိဇွဇာဓရ မဟာထေရ ဘဒ္ဒန္တ ပဏ္ဍိတထေရုပ္ပတ္တိ နှင့် ဘိုးတော်ဘိုးထွန်းအောင်၏ ထေရုပ္ပတ္တိ / _bဦးဖေမြင့်။ |
|
| 260 |
_aရန်ကုန် ၊ _bဣစ္ဆာသယ ပိဋကတ်စာပုံနှိပ်တိုက်၊ _c၁၉၇၂။ |
||
| 300 |
_aဖ၊ ၃၁၉ စာမျက်နှာ ၊ _bပုံများ၊ _c၁၈ စင်တီ။ |
||
| 500 | _aS-SAT: Prof. Dr. Sai Aung Tun | ||
| 650 |
_aဝိဇ္ဇာဓရ မဟာထေရ _xထေရုပ္ပတ္တိ _954889 |
||
| 942 |
_2ddc _cBK1 |
||
| 999 |
_c40926 _d40926 |
||